[Event "BL 0304 SCA St Ingbert - SFR Neukölln"]
[Site "?"]
[Date "2004.04.25"]
[Round "15.2"]
[White "Lazarev, Vladimir"]
[Black "Berndt, Stephan"]
[Result "1/2-1/2"]
[WhiteElo "2526"]
[BlackElo "2462"]
[PlyCount "67"]
[EventDate "2004.??.??"]

1. d4 Nf6 2. c4 e6 3. Nc3 Bb4 4. Qc2 O-O 5. a3 Bxc3+ 6. Qxc3 b6 7. Bg5 Bb7 8.
f3 h6 9. Bh4 d5 10. e3 Nbd7 11. Nh3 c5 12. cxd5 Nxd5 13. Bxd8 Nxc3 14. Be7 Rfe8
15. Bh4 Nd5 16. Bb5 g5 17. Bf2 Red8 18. e4 N5f6 19. dxc5 Nxc5 20. Bxc5 bxc5 21.
Rc1 Rac8 22. Nf2 a6 23. Be2 Nd7 24. Rc2 Ne5 25. h4 Kg7 26. hxg5 hxg5 27. Rh5 f6
28. g3 c4 29. Rd2 Kg6 30. Rh2 g4 31. fxg4 Bc6 32. Rh5 Rxd2 33. Kxd2 Rb8 34. Kc2
1/2-1/2

[Event "BL 0304 SCA St Ingbert - SFR Neukölln"]
[Site "?"]
[Date "2004.04.25"]
[Round "15.3"]
[White "Polzin, Rainer"]
[Black "Bricard, Emmanuel"]
[Result "1/2-1/2"]
[WhiteElo "2489"]
[BlackElo "2453"]
[PlyCount "121"]
[EventDate "2004.??.??"]

1. e4 g6 2. d4 d6 3. Nc3 c6 4. a4 Bg7 5. Be3 Nd7 6. a5 Ngf6 7. h3 b5 8. axb6
Qxb6 9. Ra2 O-O 10. Nf3 Bb7 11. Bd3 c5 12. O-O Rfc8 13. d5 Qc7 14. Re1 Nb6 15.
Nb5 Qb8 16. c4 Nfd7 17. Bf4 a6 18. Nc3 Bxc3 19. bxc3 Ne5 20. Nxe5 dxe5 21. Bh2
Qd6 22. Rb2 Rcb8 23. Rxb6 Qxb6 24. Bxe5 Re8 25. Qd2 Bc8 26. Rb1 Qa7 27. Qf4 a5
28. Bc7 a4 29. Bb6 Qd7 30. Bxc5 Ba6 31. Bd4 Rec8 32. Qh6 f6 33. e5 Qe8 34. exf6
exf6 35. Bxf6 Qf7 36. Qh4 a3 37. Be5 a2 38. Ra1 Bb7 39. Qd4 Ra4 40. Kh2 Ba6 {
(R)} 41. d6 Bxc4 42. d7 Rd8 43. Qb6 Rxd7 44. Qb8+ Qf8 45. Bxc4+ Rxc4 46. Qb5
Qf7 47. Qb8+ Qf8 48. Qb5 Qf7 49. Rxa2 Rc8 50. Ra5 Rcd8 51. Bg3 Rb7 52. Qe2 Re7
53. Qg4 Rde8 54. h4 Re4 55. Qg5 Qe7 56. Qd5+ Qf7 57. Qd3 Rxh4+ 58. Bxh4 Qc7+
59. Bg3 Qxa5 60. Qc4+ Kg7 61. Qd4+ 1/2-1/2

[Event "BL 0304 SCA St Ingbert - SFR Neukölln"]
[Site "?"]
[Date "2004.04.25"]
[Round "15.4"]
[White "Nguyen, Chi Minh"]
[Black "Borriss, Martin Dr"]
[Result "1-0"]
[WhiteElo "2375"]
[BlackElo "2445"]
[PlyCount "119"]
[EventDate "2004.??.??"]

1. d4 Nf6 2. c4 g6 3. Nc3 Bg7 4. e4 d6 5. f4 O-O 6. Nf3 Na6 7. e5 Nd7 8. Be2 c5
9. exd6 exd6 10. O-O Nf6 11. d5 Ne8 12. Bd3 f5 13. Bd2 Nf6 14. Re1 h6 15. a3
Bd7 16. Qc2 Re8 17. g3 Rxe1+ 18. Rxe1 Be8 19. Kg2 Bf7 20. h3 Qd7 21. b3 Nc7 22.
Nd1 b5 23. Bc3 Re8 24. Rxe8+ Bxe8 25. Ne3 bxc4 26. bxc4 Na8 27. Nd1 Nb6 28. Nf2
Na4 29. Bxf6 Bxf6 30. g4 Nb2 31. gxf5 Nxd3 32. Qxd3 Qxf5 33. Qe3 Kf8 34. Ne4
Be7 35. Nfd2 Bd7 36. Qc3 Qxf4 37. Qh8+ Kf7 38. Qh7+ Ke8 39. Qxg6+ Kd8 40. Nf3
Bxh3+ 41. Kxh3 Qxf3+ 42. Ng3 Qf6 43. Qxf6 Bxf6 44. Nf5 Kc7 45. Nxh6 Bb2 46. a4
Kb6 47. Nf7 Ka5 48. Kg4 Kxa4 49. Kf5 Kb4 50. Nxd6 a5 51. Nb5 Bg7 52. d6 Bf8 53.
d7 Be7 54. Na7 Bh4 55. Nc6+ Kxc4 56. Ke6 a4 57. Ne7 Bxe7 58. Kxe7 a3 59. d8=Q
a2 60. Qg8+ 1-0

[Event "BL 0304 SCA St Ingbert - SFR Neukölln"]
[Site "?"]
[Date "2004.04.25"]
[Round "15.5"]
[White "Poldauf, Dirk"]
[Black "Pirrot, Dieter"]
[Result "0-1"]
[WhiteElo "2404"]
[BlackElo "2422"]
[PlyCount "52"]
[EventDate "2004.??.??"]

1. c4 e5 2. Nc3 Nc6 3. Nf3 Nf6 4. e4 Bc5 5. Nxe5 Nxe5 6. d4 Bb4 7. dxe5 Nxe4 8.
Qd3 Nxc3 9. bxc3 Ba5 10. Ba3 Qg5 11. Qd4 d6 12. exd6 O-O 13. f4 Re8+ 14. Kf2
Qf5 15. Be2 Re4 16. Qd2 Bb6+ 17. c5 Bxc5+ 18. Bxc5 Qxc5+ 19. Kf3 Bf5 20. g4
Rae8 21. gxf5 Re3+ 22. Kg4 h5+ 23. Kg5 Rxe2 24. Qd3 Rg2+ 25. Kh4 Qf2+ 26. Kh3
Rg4 0-1

[Event "BL 0304 SCA St Ingbert - SFR Neukölln"]
[Site "?"]
[Date "2004.04.25"]
[Round "15.6"]
[White "Drollinger, Dennis"]
[Black "Thiede, Lars"]
[Result "0-1"]
[WhiteElo "2275"]
[BlackElo "2440"]
[PlyCount "82"]
[EventDate "2004.??.??"]

1. e4 g6 2. d4 Bg7 3. Nc3 d6 4. f4 a6 5. Be3 Nd7 6. Be2 b5 7. e5 Bb7 8. Bf3 Qc8
9. Bxb7 Qxb7 10. Qf3 Rb8 11. O-O-O Nh6 12. Kb1 O-O 13. Bf2 Rfc8 14. Nd5 Bf8 15.
Ne3 Nb6 16. Qxb7 Rxb7 17. Nf3 e6 18. g4 Nc4 19. h3 Kg7 20. Rhg1 {(R)} Kh8 21.
Rge1 d5 22. Bh4 c5 23. Bg5 Ng8 24. c3 Nxe3 25. Rxe3 b4 26. dxc5 Bxc5 27. Red3
Rcb8 28. b3 h6 29. Bf6+ Kh7 30. c4 dxc4 31. bxc4 b3 32. Rd7 bxa2+ 33. Kxa2 Rb2+
34. Ka1 Nxf6 35. exf6 R2b3 36. R7d3 R3b4 37. R1d2 Rxc4 38. Ne5 Ra4+ 39. Ra2
Bd4+ 40. Rxd4 Rxd4 41. Rxa6 Rb7 0-1

[Event "BL 0304 SCA St Ingbert - SFR Neukölln"]
[Site "?"]
[Date "2004.04.25"]
[Round "15.7"]
[White "Schwarz, Michael"]
[Black "Bock, Andreas"]
[Result "1-0"]
[WhiteElo "2409"]
[BlackElo "2149"]
[PlyCount "79"]
[EventDate "2004.??.??"]

1. d4 f5 2. g3 Nf6 3. Bg2 g6 4. Nf3 Bg7 5. O-O O-O 6. c4 d6 7. Nc3 Nc6 8. d5
Ne5 9. Nxe5 dxe5 10. e4 e6 11. Be3 exd5 12. cxd5 Qe7 13. Qb3 Kh8 14. Qc4 Nd7
15. Qxc7 f4 16. Bd2 Qb4 17. Rfd1 Qe7 18. d6 Qf7 19. Be1 g5 20. Nd5 Qh5 21. Rac1
Bf6 22. Ne7 Qg4 23. Nxc8 Raxc8 24. Qxc8 Rxc8 25. Rxc8+ Kg7 26. f3 Qe6 27. g4
Qxa2 28. Rc7 Qa4 29. Rd5 Kg6 30. Bf2 Bd8 31. Rxb7 Bb6 32. Bxb6 axb6 33. Bf1 Qc6
34. Rc7 Qa4 35. Kf2 Nf6 36. Rd2 Nd7 37. Rxd7 Qxd7 38. Bb5 Qxb5 39. d7 Qc5+ 40.
Kg2 1-0

[Event "BL 0304 SCA St Ingbert - SFR Neukölln"]
[Site "?"]
[Date "2004.04.25"]
[Round "15.8"]
[White "Callam, Hannes"]
[Black "Rudolf, Henrik"]
[Result "1/2-1/2"]
[WhiteElo "2167"]
[BlackElo "2316"]
[PlyCount "120"]
[EventDate "2004.??.??"]

1. d4 Nf6 2. c4 g6 3. Nc3 Bg7 4. e4 d6 5. f3 O-O 6. Be3 c5 7. dxc5 dxc5 8. Qxd8
Rxd8 9. Bxc5 Nc6 10. Ba3 a5 11. Rd1 Bd7 12. Bd3 Nb4 13. Bb1 Rac8 14. b3 Ne8 15.
Nge2 Nc7 16. Kf2 e6 17. Nd4 Be8 18. Nde2 b5 19. Rxd8 Rxd8 20. Rd1 Rc8 21. cxb5
Nxb5 22. Nxb5 Bxb5 23. Rc1 Rd8 24. Rc5 Rb8 25. Bc1 Bd3 26. a3 Bxb1 27. axb4
axb4 28. Bf4 Ra8 29. Rb5 Bf8 30. Rb8 Rxb8 31. Bxb8 Bc5+ 32. Ke1 Bc2 33. Nc1 Be3
34. Na2 Bc5 35. Nc1 Be3 36. Na2 Bxb3 37. Nxb4 f5 38. exf5 gxf5 39. Nd3 Bc4 40.
Ke2 Bb6 41. Be5 Kf7 42. Kd2 Ke7 43. Bf4 Bb5 44. Kc3 Bg1 45. h3 Kd7 46. Kd2 Bd4
47. Be5 Bb6 48. Kc3 Ba5+ 49. Kd4 Kc6 50. Bg3 Bb6+ 51. Kc3 Be3 52. Bf4 Bxf4 53.
Nxf4 e5 54. Nd3 Kd6 55. g3 e4 56. Ne1 Kd5 57. Kd2 Bf1 58. h4 Ba6 59. Ke3 Ke5
60. Nc2 exf3 1/2-1/2

[Event "BL 0304 SV Hofheim - SC Kreuzberg"]
[Site "?"]
[Date "2004.04.25"]
[Round "15.2"]
[White "Hickl, Joerg"]
[Black "Maiwald, Jens-Uwe"]
[Result "0-1"]
[WhiteElo "2562"]
[BlackElo "2543"]
[PlyCount "102"]
[EventDate "2004.??.??"]

1. Nf3 g6 2. g3 Bg7 3. Bg2 d6 4. c4 e5 5. Nc3 f5 6. d3 Nf6 7. O-O O-O 8. Rb1 h6
9. b4 g5 10. Nd2 Nc6 11. b5 Nd4 12. a4 Rb8 13. Bb2 h5 14. Nd5 Ne6 15. e3 g4 16.
a5 Bd7 17. Qc2 h4 18. c5 h3 19. Bh1 Nxd5 20. Bxd5 c6 21. Ba2 d5 22. e4 fxe4 23.
dxe4 Ng5 24. Rbe1 Qxa5 25. Bc1 Be6 26. exd5 cxd5 27. Kh1 Rf5 28. Nb3 Qxb5 29.
Bxg5 Rxg5 30. Nd2 Qc6 31. Kg1 e4 32. Rd1 Bf7 33. Nb3 Qa4 34. Qd2 Rf5 35. Nc1 d4
36. Bxf7+ Rxf7 37. Qe2 Qc6 38. Qxg4 Re8 39. Qxh3 Qxc5 40. Ne2 d3 41. Nf4 Qf5
42. Qg2 Bh6 43. Nh3 a5 44. g4 Qf3 45. Qxf3 Rxf3 46. Kg2 b5 47. Rfe1 a4 48. Rxe4
Rxe4 49. Kxf3 Rd4 50. g5 Bg7 51. Nf4 a3 0-1

[Event "BL 0304 SV Hofheim - SC Kreuzberg"]
[Site "?"]
[Date "2004.04.25"]
[Round "15.3"]
[White "Tischbierek, Raj"]
[Black "Krivoshey, Sergei"]
[Result "0-1"]
[WhiteElo "2519"]
[BlackElo "2495"]
[PlyCount "80"]
[EventDate "2004.??.??"]

1. e4 c5 2. Nf3 Nc6 3. Nc3 d6 4. d4 cxd4 5. Nxd4 Nf6 6. Be3 Ng4 7. Bg5 h6 8.
Bh4 g5 9. Bg3 Bg7 10. Nb3 Bxc3+ 11. bxc3 Be6 12. Be2 Nge5 13. O-O Qc7 14. Nd4
Bc4 15. Bd3 O-O-O 16. Qe2 Na5 17. a4 Kb8 18. Rfc1 Rc8 19. f3 Rhg8 20. Bf2 g4
21. f4 Bxd3 22. cxd3 Nf3+ 23. Kh1 Nxd4 24. cxd4 Qxc1+ 25. Rxc1 Rxc1+ 26. Bg1 b6
27. Qa2 Rf8 28. Qd5 Rd1 29. Qf5 Rc8 30. Qxf7 Nc6 31. Qg7 Nb4 32. Qxg4 Rcc1 33.
h4 Rxg1+ 34. Kh2 Rgd1 35. Qg8+ Kb7 36. Qf7 Rxd3 37. Qxe7+ Rc7 38. Qxd6 a5 39.
f5 Nc2 40. d5 Ne3 0-1

[Event "BL 0304 SV Hofheim - SC Kreuzberg"]
[Site "?"]
[Date "2004.04.25"]
[Round "15.4"]
[White "Ginsburg, Gennadi"]
[Black "Lau, Ralf"]
[Result "0-1"]
[WhiteElo "2483"]
[BlackElo "2503"]
[PlyCount "82"]
[EventDate "2004.??.??"]

1. e4 g6 2. d4 Bg7 3. Nc3 c6 4. Nf3 d5 5. h3 Nf6 6. e5 Nfd7 7. Bd3 Nf8 8. Ne2
Ne6 9. Nf4 Qb6 10. Nxe6 Bxe6 11. O-O f6 12. Re1 Kf7 13. Qe2 Re8 14. c4 Nd7 15.
c5 Qd8 16. b4 a6 17. Bf4 Nf8 18. a4 Qd7 19. b5 axb5 20. axb5 Bf5 21. Rxa8 Rxa8
22. exf6 Bxf6 23. Bxf5 Qxf5 24. Be5 Qd7 25. b6 Ne6 26. Qe3 Ra4 27. g4 g5 28.
Kg2 h6 29. Kg3 Qe8 30. Qb3 Ra8 31. h4 gxh4+ 32. Nxh4 Bxh4+ 33. Kxh4 Qg8 34. f4
Nf8 35. Qd3 e6 36. g5 Ng6+ 37. Kh5 Qh7 38. f5 hxg5+ 39. Kg4 Qh4+ 40. Kf3 Qh3+
41. Ke2 Ra2+ 0-1

[Event "BL 0304 SV Hofheim - SC Kreuzberg"]
[Site "?"]
[Date "2004.04.25"]
[Round "15.5"]
[White "Kalinitschew, Sergey"]
[Black "Houska, Jovanka"]
[Result "1-0"]
[WhiteElo "2519"]
[BlackElo "2358"]
[PlyCount "79"]
[EventDate "2004.??.??"]

1. d4 d5 2. c4 c6 3. Nc3 Nf6 4. e3 a6 5. Bd3 g6 6. Nf3 Bg7 7. O-O O-O 8. Qc2
Bg4 9. Ne5 Be6 10. Rd1 Nfd7 11. Nxd7 Nxd7 12. cxd5 cxd5 13. Qb3 Rb8 14. a4 Qb6
15. Qa3 Qd8 16. Bd2 f5 17. Ne2 Bf7 18. Bb4 Re8 19. a5 Rc8 20. Rac1 Rxc1 21.
Rxc1 Nb8 22. Bc5 Nc6 23. Bb6 Qd7 24. b4 Qd6 25. Bc5 Qf6 26. b5 axb5 27. Bxb5
Ra8 28. Bxc6 Qxc6 29. Bxe7 Qb5 30. Nf4 Rxa5 31. Qd6 Ra8 32. h4 Qb2 33. Rc7 h6
34. h5 g5 35. Bxg5 hxg5 36. Rxf7 Ra1+ 37. Kh2 Qxf2 38. Rxg7+ Kxg7 39. h6+ Kg8
40. Qe6+ 1-0

[Event "BL 0304 SV Hofheim - SC Kreuzberg"]
[Site "?"]
[Date "2004.04.25"]
[Round "15.6"]
[White "Burkart, Patrick"]
[Black "Volke, Karsten"]
[Result "0-1"]
[WhiteElo "2355"]
[BlackElo "2467"]
[PlyCount "88"]
[EventDate "2004.??.??"]

1. d4 Nf6 2. Nf3 e6 3. c4 b6 4. Bf4 Bb7 5. e3 Be7 6. h3 c5 7. dxc5 bxc5 8. Nc3
O-O 9. Be2 Ne4 10. Nxe4 Bxe4 11. O-O Qb6 12. Qd2 Nc6 13. Rac1 Rfd8 14. Ne5 d5
15. f3 Nxe5 16. Bxe5 Bg6 17. cxd5 exd5 18. Rfd1 a5 19. Bd3 {(R)} a4 20. Bxg6
hxg6 21. Rc2 Qe6 22. Bc3 Rd7 23. Qf2 Re8 24. Rcd2 Bd8 25. Kf1 Bb6 26. Re2 Rde7
27. Red2 Rd7 28. Re2 Qc6 29. f4 Re4 30. Qf3 Qe6 31. Be5 f6 32. Bc3 Re7 33. Rdd2
Ba7 34. a3 Qc6 35. Qf2 d4 36. Ba5 Qb5 37. exd4 Qxa5 38. Rxe4 Rxe4 39. d5 Qa6+
40. Re2 Qd3 41. d6 Qd1+ 42. Re1 Rxe1+ 43. Qxe1 Qxe1+ 44. Kxe1 Kf7 0-1

[Event "BL 0304 SV Hofheim - SC Kreuzberg"]
[Site "?"]
[Date "2004.04.25"]
[Round "15.7"]
[White "Muse, Drazen"]
[Black "Zude, Erik Dr"]
[Result "0-1"]
[WhiteElo "2443"]
[BlackElo "2349"]
[PlyCount "124"]
[EventDate "2004.??.??"]

1. d4 g6 2. e4 d6 3. Nf3 Bg7 4. Be2 Nf6 5. Nc3 O-O 6. O-O Bg4 7. Be3 Nc6 8. a4
e5 9. d5 Ne7 10. h3 Bd7 11. a5 c6 12. dxc6 Bxc6 13. Qd3 Qc7 14. Bg5 Rad8 15.
Qe3 d5 16. exd5 Nfxd5 17. Nxd5 Rxd5 18. Bxe7 Qxe7 19. Bc4 Rd7 20. c3 Qd6 21.
Rfe1 e4 22. Ng5 Qd2 23. Qxd2 Rxd2 24. Rab1 Bd5 25. Nxe4 Bxe4 26. Rxe4 Bf6 27.
Bf1 Rfd8 28. Rc4 R8d7 29. b4 Rc2 30. Rc8+ Kg7 31. c4 Bd4 32. c5 Bxf2+ 33. Kh1
Rcd2 34. a6 bxa6 35. c6 Re7 36. Bxa6 h5 37. Rc1 Bg3 38. c7 Rc2 39. Rg8+ Kxg8
40. c8=Q+ Rxc8 41. Rxc8+ Kg7 42. Rc1 Be1 43. Rb1 Re4 44. Bd3 {(R)} Re3 45. b5
Ba5 46. Bc4 Bb6 47. Bd5 f5 48. Bf3 Rc3 49. Rd1 Rb3 50. Bc6 Kf6 51. Rd6+ Kg5 52.
Rd1 Rb2 53. Re1 Kh4 54. Rc1 Be3 55. Rf1 g5 56. Bd7 f4 57. Be8 g4 58. hxg4 hxg4
59. Bd7 Kg3 60. Bc6 Rd2 61. b6 Rd8 62. bxa7 Rh8# 0-1

[Event "BL 0304 SC Baden Oos - Hamburger SK"]
[Site "www.hsk1830.de"]
[Date "2004.??.??"]
[Round "15.1"]
[White "Ftacnik, Lubomir"]
[Black "Anand, Viswanathan"]
[Result "0-1"]
[WhiteElo "2774"]
[BlackElo "2571"]
[PlyCount "74"]
[EventDate "2004.??.??"]

1. d4 Nf6 2. Nf3 e6 3. c4 b6 4. g3 Ba6 5. Nbd2 d5 6. cxd5 exd5 7. Bg2 Bd6 8.
O-O O-O 9. Ne5 Qe8 10. Ndc4 dxc4 11. Bxa8 c6 12. Qc2 Bxe5 13. dxe5 Nd5 14. b3
Qe7 15. bxc4 Nc7 16. Bb2 Nxa8 17. Rfd1 Nc7 18. Rd6 f6 19. Rad1 fxe5 20. Qe4 Qf7
21. Rd8 Qxf2+ 22. Kh1 Ne6 23. Rxf8+ Qxf8 24. Bxe5 Nc5 25. Qg4 Nbd7 26. Bb2 Qe7
27. Rd6 h5 28. Qd4 Nf6 29. Kg1 Qxe2 30. Rxf6 gxf6 31. Qd8+ Kf7 32. Qxf6+ Ke8
33. Qh8+ Kd7 34. Qd4+ Kc7 35. Qf4+ Kc8 36. Qf8+ Kd7 37. Bf6 Bxc4 0-1

[Event "BL 0304 SC Baden Oos - Hamburger SK"]
[Site "www.hsk1830.de"]
[Date "2004.??.??"]
[Round "15.2"]
[White "Shirov, Alexej"]
[Black "Gustafsson, Jan"]
[Result "1/2-1/2"]
[WhiteElo "2732"]
[BlackElo "2571"]
[PlyCount "76"]
[EventDate "2004.??.??"]

1. e4 c6 2. d4 d5 3. e5 Bf5 4. Be3 e6 5. Nd2 Nd7 6. f4 c5 7. Ngf3 Qb6 8. Rb1
Nh6 9. Nb3 c4 10. Nbd2 Bg6 11. h3 Nf5 12. Bf2 h5 13. g3 Qa5 14. a3 Be7 15. Be2
Nb6 16. O-O Na4 17. Re1 O-O-O 18. Bf1 Kb8 19. b4 Qc7 20. Qc1 Nc3 21. Ra1 Ka8
22. Ng5 Bxg5 23. fxg5 h4 24. g4 Ng3 25. Bxg3 hxg3 26. Re3 Qb6 27. Nf3 Ne4 28.
Kg2 Rh7 29. h4 Rdh8 30. h5 Qd8 31. Re2 Bxh5 32. gxh5 Rxh5 33. Qf4 Nxg5 34. Nxg5
Rxg5 35. Kg1 Rf5 36. Qg4 Rg5 37. Qf4 Rf5 38. Qg4 Rg5 1/2-1/2

[Event "BL 0304 SC Baden Oos - Hamburger SK"]
[Site "www.hsk1830.de"]
[Date "2004.??.??"]
[Round "15.3"]
[White "Wahls, Matthias"]
[Black "Svidler, Peter"]
[Result "1/2-1/2"]
[WhiteElo "2546"]
[BlackElo "2723"]
[PlyCount "95"]
[EventDate "2004.??.??"]

1. c4 e5 2. Nc3 Nf6 3. Nf3 Nc6 4. e3 Bb4 5. Nd5 e4 6. Ng1 O-O 7. a3 Bd6 8. Ne2
Nxd5 9. cxd5 Ne5 10. Ng3 f5 11. d3 Qh4 12. dxe4 fxe4 13. Be2 b6 14. Qd4 Bb7 15.
Qxe4 Qxe4 16. Nxe4 Bxd5 17. Nxd6 cxd6 18. f4 Bxg2 19. Rg1 Nf3+ 20. Bxf3 Bxf3
21. Bd2 Rac8 22. Bc3 g6 23. h4 Kf7 24. f5 Be4 25. fxg6+ hxg6 26. Kd2 Ke6 27.
Raf1 Kd5 28. Rg5+ Kc6 29. Rxf8 Rxf8 30. Rg4 Kd5 31. Rf4 Rc8 32. Rf7 Rc7 33. Rf4
a5 34. Rg4 Rc8 35. Ke2 Re8 36. Bd4 Rf8 37. Rg5+ Kc4 38. Bxb6 Bd3+ 39. Ke1 Rf1+
40. Kd2 Rf2+ 41. Ke1 Rxb2 42. Bxa5 Re2+ 43. Kd1 Rxe3 44. Rg4+ Kb5 45. Rd4 Bc4
46. Bd2 Rxa3 47. Rxd6 Be6 48. Bg5 1/2-1/2

[Event "BL 0304 SC Baden Oos - Hamburger SK"]
[Site "www.hsk1830.de"]
[Date "2004.??.??"]
[Round "15.4"]
[White "Vallejo Pons, Francisco"]
[Black "Bezold, Michael"]
[Result "1-0"]
[WhiteElo "2662"]
[BlackElo "2462"]
[PlyCount "93"]
[EventDate "2004.??.??"]

1. e4 c5 2. Nf3 e6 3. d4 cxd4 4. Nxd4 a6 5. c4 Nf6 6. Nc3 d6 7. Be3 Be7 8. Be2
O-O 9. f4 Re8 10. O-O Qc7 11. Rc1 Nbd7 12. g4 Nf8 13. g5 N6d7 14. b4 Qd8 15. h4
Nb8 16. a3 Nc6 17. Bf3 Nxd4 18. Qxd4 Ng6 19. Qd2 Nxh4 20. Qh2 Ng6 21. Bg2 Bd7
22. c5 dxc5 23. f5 Nf8 24. f6 gxf6 25. gxf6 Bxf6 26. Rxf6 Qxf6 27. e5 Qg6 28.
Kh1 Qd3 29. Qg3+ Ng6 30. Bxb7 Qf5 31. Ne4 Qxe5 32. Qxe5 Nxe5 33. Rxc5 Rab8 34.
Rxe5 Rxb7 35. Rg5+ Kh8 36. Nd6 Bc6+ 37. Kh2 f6 38. Rc5 Rg7 39. Rxc6 Reg8 40.
Bh6 Rd7 41. Rxa6 Rg6 42. Be3 h6 43. Ra8+ Kg7 44. Bc5 Rg5 45. a4 Rd5 46. a5 Kg6
47. Rg8+ 1-0

[Event "BL 0304 SC Baden Oos - Hamburger SK"]
[Site "www.hsk1830.de"]
[Date "2004.??.??"]
[Round "15.5"]
[White "Reeh, Oliver"]
[Black "Dautov, Rustem"]
[Result "0-1"]
[WhiteElo "2446"]
[BlackElo "2610"]
[PlyCount "84"]
[EventDate "2004.??.??"]

1. e4 c6 2. c4 d5 3. exd5 cxd5 4. cxd5 Nf6 5. Nc3 Nxd5 6. Nf3 Nxc3 7. bxc3 g6
8. Bc4 Bg7 9. O-O O-O 10. Re1 Nc6 11. h3 b6 12. a4 Bb7 13. Ba3 Bf6 14. Ba2 Re8
15. d4 e6 16. Qd2 Rc8 17. Qf4 Na5 18. d5 Bxd5 19. Bxd5 g5 20. Nxg5 Bxg5 21. Qg3
Kh8 22. Ba2 Rg8 23. Rad1 Qf6 24. Bd6 Nc6 25. Bb1 Bh4 26. Qe3 Qg7 27. Be4 Bf6
28. Rd3 Ne5 29. Bxe5 Bxe5 30. Red1 Qf6 31. g3 Rc4 32. Bg2 Rxa4 33. f4 Bc7 34.
Rd7 Rc4 35. R1d4 Rc5 36. Qd3 b5 37. Kh2 Bb6 38. Rb7 Rxc3 39. Qxc3 Bxd4 40. Qf3
Bb6 41. Qh5 Qd4 42. h4 Qe3 0-1

[Event "BL 0304 SC Baden Oos - Hamburger SK"]
[Site "www.hsk1830.de"]
[Date "2004.??.??"]
[Round "15.7"]
[White "Michaelsen, Nils"]
[Black "Schmaltz, Roland"]
[Result "0-1"]
[WhiteElo "2440"]
[BlackElo "2530"]
[PlyCount "121"]
[EventDate "2004.??.??"]

1. d4 Nf6 2. c4 e6 3. Nc3 Bb4 4. Qc2 O-O 5. a3 Bxc3+ 6. Qxc3 d6 7. Bg5 Nbd7 8.
e3 b6 9. Nf3 Ba6 10. Bd3 c5 11. O-O h6 12. Bh4 cxd4 13. exd4 Rc8 14. Qb3 Qc7
15. Rac1 Bb7 16. Rfe1 Bxf3 17. gxf3 Qb7 18. Bg3 Qc6 19. Bf1 Rfd8 20. Rc3 Qc7
21. Qc2 Nh5 22. f4 Ndf6 23. Bg2 Qd7 24. d5 exd5 25. cxd5 Rxc3 26. Qxc3 Rc8 27.
Qd3 Qa4 28. Bf3 Nxg3 29. hxg3 Qc2 30. Qb5 Qf5 31. Qa4 g5 32. fxg5 hxg5 33. Kg2
g4 34. Be4 Qh5 35. Qd4 Kg7 36. Rh1 Qe5 37. Qxe5 dxe5 38. Bf5 Rd8 39. Rd1 Rd6
40. Bc8 Kg6 41. Kf1 Kg5 42. Bb7 Ne4 43. Re1 f5 44. Kg2 Nc5 45. Bc6 Nd3 46. Rh1
Nxb2 47. Rh7 a5 48. a4 Nd3 49. Rb7 Nb4 50. Rxb6 Nxd5 51. Rb5 Nc7 52. Rc5 Ne6
53. Rc1 Nd4 54. Bb7 Rb6 55. Ba8 Rb8 56. Bd5 Rb4 57. Rc4 Rb2 58. Rc5 Kf6 59.
Rxa5 e4 60. Ra6+ Ke5 61. Ra5 0-1

[Event "BL 0304 SC Baden Oos - Hamburger SK"]
[Site "www.hsk1830.de"]
[Date "2004.??.??"]
[Round "15.8"]
[White "Buhmann, Rainer"]
[Black "Stellwagen, Robin"]
[Result "1-0"]
[WhiteElo "2527"]
[BlackElo "2052"]
[PlyCount "71"]
[EventDate "2004.??.??"]

1. Nf3 Nf6 2. c4 g6 3. Nc3 Bg7 4. e4 d6 5. d4 O-O 6. Be2 e5 7. O-O Nc6 8. d5
Ne7 9. b4 Nh5 10. Re1 Nf4 11. Bf1 a5 12. bxa5 f5 13. Nd2 Rxa5 14. Nb3 Ra6 15.
a4 fxe4 16. Nxe4 Nf5 17. g3 Nh5 18. g4 Nf4 19. gxf5 gxf5 20. Ng3 Rf6 21. Ra2
Rh6 22. a5 Qh4 23. f3 Rg6 24. Bxf4 exf4 25. Re8+ Kf7 26. Rxc8 Qe7 27. Qd3 Rg5
28. Re2 Qd7 29. Rce8 Be5 30. Re6 fxg3 31. h4 Rh5 32. f4 Bf6 33. Bh3 Qc8 34.
Bxf5 Qh8 35. Bg4 Rxh4 36. Qf5 1-0

[Event "BL 0405 SC Kreuzberg - Preetzer TSV"]
[Site "?"]
[Date "2005.04.10"]
[Round "15.1"]
[White "Pedersen, Steffen"]
[Black "Nisipeanu, Liviu-Dieter"]
[Result "0-1"]
[WhiteElo "2441"]
[BlackElo "2687"]
[PlyCount "84"]
[EventDate "2005.??.??"]

1. d4 Nf6 2. c4 c5 3. d5 e5 4. Nc3 d6 5. e4 Be7 6. Bd3 Nbd7 7. Nge2 g6 8. Bh6
Ng4 9. Bd2 h5 10. f3 Ngf6 11. Qc2 h4 12. O-O-O Kf8 13. g3 a6 14. f4 Ng4 15.
Rdf1 hxg3 16. hxg3 Kg7 17. Nd1 b5 18. b3 bxc4 19. bxc4 Rb8 20. Nec3 Ndf6 21.
Rxh8 Qxh8 22. Be2 Qh3 23. Qd3 Nh5 24. f5 Qxg3 25. Rf3 Qg1 26. Rf1 Qg3 27. Rf3
Qh2 28. Rf1 Ngf6 29. Bf3 Ng3 30. Rf2 Qh4 31. fxg6 fxg6 32. Rg2 Nfh5 33. Bxh5
Nxh5 34. Ne2 Bg4 35. Qa3 Bxe2 36. Rxe2 Nf4 37. Re3 Qg4 38. Nc3 Qg1+ 39. Kc2 Ng2
40. Re2 Nf4 41. Re1 Qd4 42. Qxa6 Rb2+ 0-1

[Event "BL 0405 SC Kreuzberg - Preetzer TSV"]
[Site "?"]
[Date "2005.04.10"]
[Round "15.2"]
[White "Almasi, Zoltan"]
[Black "Skytte, Rasmus"]
[Result "1/2-1/2"]
[WhiteElo "2650"]
[BlackElo "2392"]
[PlyCount "131"]
[EventDate "2005.??.??"]

1. e4 d5 2. exd5 Qxd5 3. Nc3 Qa5 4. d4 Nf6 5. Nf3 c6 6. Bd2 Bf5 7. Bc4 e6 8.
Nd5 Qd8 9. Nxf6+ Qxf6 10. Bc3 Qd8 11. Qe2 Be7 12. Ne5 b5 13. g4 Bg6 14. Bb3 b4
15. Nxg6 hxg6 16. Bd2 Nd7 17. O-O-O Nb6 18. Rhe1 Qd6 19. Qa6 O-O 20. Re4 Rfd8
21. Rde1 Nd5 22. g5 c5 23. Qd3 cxd4 24. Qh3 Re8 25. Rxd4 Rad8 26. Rh4 f5 27.
gxf6 Bxf6 28. Rh8+ Kf7 29. Rxe8 Rxe8 30. Qd3 a5 31. f4 Qc6 32. Bc4 Qc5 33. Qe4
Qd4 34. Qxd4 Bxd4 35. Re2 Bc5 36. Bxd5 exd5 37. Rxe8 Kxe8 38. c3 Kd7 39. Kc2
Kc6 40. Kd3 Kb5 41. h3 Ba7 42. cxb4 axb4 43. Be3 Bb8 44. Bc1 Kc5 45. a4 bxa3
46. bxa3 Bc7 47. Bd2 d4 48. a4 Bb8 49. a5 Bc7 50. Bc1 Bb8 51. a6 Ba7 52. Bb2
Kd5 53. Ba3 Kc6 54. Ke4 Kb5 55. Kd3 Kxa6 56. Bb2 Kb7 57. Bxd4 Bxd4 58. Kxd4 Kc7
59. Ke5 Kd7 60. f5 gxf5 61. Kxf5 Ke7 62. Kg6 Kf8 63. h4 Kg8 64. h5 Kh8 65. h6
gxh6 66. Kxh6 1/2-1/2

[Event "BL 0405 SC Kreuzberg - Preetzer TSV"]
[Site "?"]
[Date "2005.04.10"]
[Round "15.3"]
[White "Wisnewski, Christoph"]
[Black "Aronian, Levon"]
[Result "0-1"]
[WhiteElo "2392"]
[BlackElo "2675"]
[PlyCount "40"]
[EventDate "2005.??.??"]

1. d4 Nf6 2. Nc3 d5 3. Bg5 Nbd7 4. e3 e6 5. Qf3 Bb4 6. Nge2 h6 7. Bxf6 Qxf6 8.
O-O-O c6 9. a3 Bd6 10. e4 Qxf3 11. gxf3 Be7 12. Bg2 Bh4 13. Rhf1 b6 14. f4 g6
15. f5 gxf5 16. exf5 exf5 17. Rd3 Rg8 18. Bh3 Nf6 19. f3 Be6 20. Nd1 f4 0-1

[Event "BL 0405 SC Kreuzberg - Preetzer TSV"]
[Site "?"]
[Date "2005.04.10"]
[Round "15.4"]
[White "Maiwald, Jens-Uwe"]
[Black "Junge, Kai"]
[Result "1-0"]
[WhiteElo "2514"]
[BlackElo "2259"]
[PlyCount "61"]
[EventDate "2005.??.??"]

1. g3 Nf6 2. Bg2 d5 3. d3 c5 4. Nf3 Nc6 5. O-O g6 6. a3 Bg7 7. Nc3 O-O 8. Rb1
a5 9. a4 d4 10. Nb5 e5 11. e4 Ne8 12. Nd2 Nc7 13. Na3 f5 14. exf5 Bxf5 15. Ne4
Bxe4 16. Bxe4 Nd5 17. Nc4 Nce7 18. Bg5 Qc7 19. h4 Ra6 20. Ra1 Nb6 21. Na3 Nf5
22. c3 Qd7 23. Qb3+ Kh8 24. Nb5 h6 25. Bd2 c4 26. dxc4 Nxh4 27. gxh4 Qg4+ 28.
Bg2 Rf3 29. Qd1 e4 30. Nd6 Be5 31. Nf7+ 1-0

[Event "BL 0405 SC Kreuzberg - Preetzer TSV"]
[Site "?"]
[Date "2005.04.10"]
[Round "15.5"]
[White "Willsch, Matthias"]
[Black "Kalinitschew, Sergey"]
[Result "1/2-1/2"]
[WhiteElo "2250"]
[BlackElo "2533"]
[PlyCount "40"]
[EventDate "2005.??.??"]

1. d4 e6 2. Nf3 f5 3. g3 b6 4. Bg2 Bb7 5. c4 Nf6 6. Bg5 Be7 7. Nc3 h6 8. Bxf6
Bxf6 9. Qd3 Nc6 10. e4 fxe4 11. Nxe4 O-O 12. O-O d5 13. Nxf6+ Qxf6 14. cxd5
exd5 15. Rfe1 Rae8 16. Re3 Re4 17. Rxe4 dxe4 18. Qxe4 Nd8 19. d5 Qxb2 20. Qd4
Qa3 1/2-1/2